| 000 | 01218cam a2200265 4500 | ||
|---|---|---|---|
| 001 | L125981 | ||
| 008 | 040426n2005 000 0 eng u | ||
| 020 | _a0406975779 | ||
| 035 | _a(Sirsi) u125981 | ||
| 041 | _aeng | ||
| 050 |
_a346.41043 _c18 |
||
| 100 | _aGray, Kevin | ||
| 245 | _aElements of land law | ||
| 250 | _a4th ed. | ||
| 260 |
_aOxford _bOxford University Press _c2005 |
||
| 300 |
_acxxxi, 1772p. _c25cm. |
||
| 350 | _a29.95 | ||
| 520 | _aProvides a reasoned and critical account of the fundamental principles or elements of the modern law of real property. The work has been restructured to reflect a vision of land law in which registration of title comprises the primary regime and in which the law of realty is increasingly infiltrated by environment law, human rights law and European law. It accommodates the new legal landscape created from 13 October 2003 by the enactment of the Land Registration Act 2002 and the introduction of the Land Registration Rules 2003. | ||
| 590 | _aIKA190705 | ||
| 650 | _aLAND REGISTRATION ACT 2002 | ||
| 650 | _aLAND REGISTRATION RULES 2003 | ||
| 690 | _aPROPERTY-PROPERTY ACQUISITION AND DISPOSAL | ||
| 700 | _aGray, Susan Francis | ||
| 942 | _n0 | ||
| 999 |
_c103538 _d103538 |
||